00565nam a2200193Ia 450000500170000000800410001702000150005808200210007324500610009426000240015530000160017965000110019565000170020665000100022370000200023394200060025395200970025999900150035620250108235115.0240331s9999 xx 000 0 und d a0855981377 bTIN23855a305.3 0aChanging Perceptions:bWriting on Gender and Development aOxfordbOxfamc1991 axi, 324 p., aGender aDevelopment  aWomen aWallace, Teedt cL 001040708LaWERCLbWERCLcSSCd2024-03-31l0o 305.3 CHAp3855r2024-03-31w2024-03-31yL c1559d1559